000 00685nam a22002297a 4500
005 20170124110056.0
010 _aA-996751
020 _c00.00
_a8171821286
035 _aA-996751
037 _bCen Lib/Ret
040 _aDPL
_bEN
082 _a615.53
_bSHA
100 _aSharma, S.K.
_926562
245 _aComplete guide to homeopathic remedies /
_cby S. K. Sharma
260 _aNew Delhi
_bDiamond pocket books
_c1999
270 _bNew Delhi
_aX-30, Okhla industrial area Phase ll
_e110020
300 _a235p.
_c21cm(Hb)
650 _aHomeopathic remedies
_926563
650 _aHealth science
_916285
700 _926485
942 _2ddc
_cEN
_h615.53
_mSHA
999 _c129505
_d129505